00625cam a22002051 4500001001300000003000400013005001700017008004100034010001700075040001800092043001200110050002300122082001400145100003200159245008600191260007000277300002400347651003100371999001700402sa 66007737 DLC20260227112307.0740123t19661963pk 000 0 eng  asa 66007737  aDLCcDLCdDLC aa-pk---00aHC440.5b.H37 196600a338.915491 aHaq, Mahbub ul,d1934-1998.14aThe strategy of economic planning;ba case study of Pakistanc[by] Mahbub ul Haq. aKarachi,bPakistan Branch, Oxford University Pressc[1966, c1963] axvi, 266 p.c22 cm. 0aPakistanxEconomic policy. c71376d71376